| 000 | 00455nam a2200145 4500 | ||
|---|---|---|---|
| 001 | 7915 | ||
| 005 | 20181127184644.0 | ||
| 090 | 0 | 0 | _a895.1 |
| 100 | 0 | 0 | _aLhamo, Tsherim Damchen Jamyang. |
| 245 | 0 | 0 |
_aMy life : _ba delightful handwritten journal of an eight year old / _cTsherim Damchen Jamyang Lhamo. _h |
| 250 | 0 | 0 | _a1st ed. |
| 260 | 0 | 0 |
_aNew Delhi ; _bRoots advertising services Pvt. Ltd, _c2017. |
| 300 | 0 | 0 | _avar pages ; 20 cm. |
| 650 | 0 | 0 |
_aBhutan --Fiction. _x |
| 999 |
_c6802 _d6802 |
||